00903nam a2200193 i 450000100060000000300090000600500170001500800410003210000550007324501730012826000600030130000310036159500720039260000420046471000440050685200210055099900170057195201210058873755ES-MaACL20230906171920.0040910s1974 sp f |||| |bspa d0 aGómez-Tabanera, José Manuel,d1926-201195816510aPedro Menéndez de Avilés (1519-1574) b: al margen de un centenario, leyenda negra y razón de estado en la Florida hispánica / cJosé Manuel Gómez-Tabanera. a[Oviedo] : bInstituto de Estudios Asturianos, c[1974] a73 p., 8 lám. ; c25 cm. aSeparata de: Boletín del Instituto de Estudios Asturianos, n. 83.14aMenéndez de Avilés, Pedro.9802982 aInstituto de Estudios Asturianos.94889 aES-MaACLjE-7226 c73755d73755 00104070aATENEOMbATENEOMcDEPO2d2008-01-17eSCl0oE-7226p1077203r2023-02-23 00:00:00w2023-02-23yMONOGRAFIA